000 00711nam a22002297a 4500
003 BDCtgAUW
005 20260406175953.0
008 260309b ii ||||| |||| 00| 0 eng d
020 _a9789369730261
040 _aBDCtgAUW
_cBDCtgAUW
_dBDCtgAUW
050 _aJC265
_b.G68H63
100 1 0 _a Chatterjee, Partha
_eeditor
245 _aGramsci in India :
_b Selected Writings 1968–1996 /
260 _aIndia :
_bOrient Blackswan Pvt. Ltd.,
_c2025.
300 _axxviii, 262p. ;
_c22cm.
504 _aIncludes bibliography
600 _aGramsci, Antonio.
_991245
650 _aPolitical and social views
_991246
700 1 0 _aGupta, Sobhanlal Datta.
_991247
887 _28
_aPapia Akter
942 _2lcc
_cBK
_n0
999 _c16337
_d16337
888 _28